Statistics for U.S. States by Nickname

Click here to take the quiz!

General Stats

  • This quiz has been taken 44,652 times
    (24,330 since last reset)
  • The average score is 24 of 50

Answer Stats

NicknameState% Correct
Empire StateNew York
97%
Golden StateCalifornia
96%
Aloha StateHawaii
94%
Grand Canyon StateArizona
93%
Lone Star StateTexas
92%
Sunshine StateFlorida
84%
Great Lakes StateMichigan
77%
Peach StateGeorgia
75%
Mount Rushmore
State
South Dakota
73%
Last FrontierAlaska
70%
First StateDelaware
70%
Garden StateNew Jersey
64%
Hoosier StateIndiana
62%
Bluegrass StateKentucky
61%
Buckeye StateOhio
60%
Sooner StateOklahoma
54%
Pelican StateLouisiana
52%
Cornhusker StateNebraska
52%
Tar Heel StateNorth Carolina
52%
Hawkeye StateIowa
48%
Beaver StateOregon
46%
Volunteer StateTennessee
45%
Show-Me StateMissouri
44%
Evergreen StateWashington
43%
Badger StateWisconsin
43%
Green Mountain
State
Vermont
41%
Silver StateNevada
40%
Constitution StateConnecticut
38%
Sunflower StateKansas
38%
Palmetto StateSouth Carolina
38%
Keystone StatePennsylvania
37%
Ocean StateRhode Island
37%
Land of
Enchantment
New Mexico
35%
Old DominionVirginia
35%
Magnolia StateMississippi
34%
Bay StateMassachusetts
32%
North Star StateMinnesota
32%
Pine Tree State /
Vacationland
Maine
31%
Beehive StateUtah
30%
Centennial StateColorado
29%
Gem StateIdaho
29%
Granite StateNew Hampshire
29%
Natural StateArkansas
26%
Old Line StateMaryland
26%
Mountain StateWest Virginia
25%
Equality StateWyoming
25%
Prairie StateIllinois
22%
Yellowhammer StateAlabama
20%
Treasure StateMontana
20%
Peace Garden
State
North Dakota
20%

Score Distribution

Percentile by Number Answered

Percent of People with Each Score

Your Score History

You have not taken this quiz since the last reset